| 000 | 00501 a2200133 4500 | ||
|---|---|---|---|
| 082 | _aMS-IT-9 | ||
| 100 | _aMuhammad Abbas | ||
| 245 |
_aTransformation of archetype-based EHR into semantic model _cMuhammad Abbas |
||
| 260 |
_aIslamabad _bNUST-SEECS _c2012 |
||
| 300 |
_a46p. _b;ill. _c;27cm.+ _eCD ROM |
||
| 500 | _aSupervisors: Dr. Khalid Latif, Dr. Sharifullah Khan, Dr. Farooq Ahmad, Mr. Muhammad Bilal | ||
| 856 | _uhttp://10.250.8.41:8080/xmlui/handle/123456789/10161 | ||
| 942 |
_cPR _kMS-IT-9 ABB _2ddc |
||
| 999 |
_c11333 _d11333 |
||